Cyberpresse: la presse et l'ecrit off line, on line (Record n. 90068)

Dettagli MARC
000 -LEADER
fixed length control field 01445nam a2200289Ia 4500
001 - CONTROL NUMBER
control field E2001
003 - CONTROL NUMBER IDENTIFIER
control field IT-RoPAU
008 - FIXED-LENGTH DATA ELEMENTS--GENERAL INFORMATION
fixed length control field 130308s9999 xx 000 0 und d
040 ## - CATALOGING SOURCE
Original cataloging agency IT-RoPAU
040 ## - CATALOGING SOURCE
Transcribing agency IT-RoPAU
041 ## - LANGUAGE CODE
Language code of text/sound track or separate title FRANCESE
100 ## - MAIN ENTRY--PERSONAL NAME
Personal name Guerin Serge
100 ## - MAIN ENTRY--PERSONAL NAME
Miscellaneous information Codice Aut. SPICS: 43457
245 ## - TITLE STATEMENT
Title Cyberpresse: la presse et l'ecrit off line, on line
245 ## - TITLE STATEMENT
Remainder of title Cyberpresse: la Presse et L'Ecrit Off Line, On Line
250 ## - EDITION STATEMENT
Edition statement 1a ed.
260 ## - PUBLICATION, DISTRIBUTION, ETC. (IMPRINT)
Place of publication, distribution, etc. PARIS
260 ## - PUBLICATION, DISTRIBUTION, ETC. (IMPRINT)
Name of publisher, distributor, etc. Hermes
260 ## - PUBLICATION, DISTRIBUTION, ETC. (IMPRINT)
Date of publication, distribution, etc. 1996 [1° Ed.:1996 - Ed.Ling.Originale:1996]
300 ## - PHYSICAL DESCRIPTION
Extent "160 p. (prefazione: no ; testo: 160)"
500 ## - GENERAL NOTE
General note Ciberstampa: Stampa e scritto Off line e On Line. supporti Elettronici di Fronte Alle Crisi Dello Scritto: dal minitel Ai Nuovi supporti Elettronici.Supporti in Linea una Nuova Possibilità per Lo Scritto: Stampa su Minitel, Ciberscritto, Edizione Elettronica, Dallo scritto Allo schermo o Il Multimedia Come Modernità Postaudiovisiva, Ciberstampa Alla conquista del mercato pubblicitario . Libro e Stampa Due logiche Differenti di Fronte Ai Cd. Edizione su Internet. Stampa su Internet. rischi e Limiti della Stampa su Internet. Ciberscritto: un Anello di una Industria della Comunicazione: Rivoluzione del paesaggio Mondiale della Comunicazione. Glossario. Bibliografia.
650 ## - SUBJECT ADDED ENTRY--TOPICAL TERM
Topical term or geographic name as entry element TEORIA DELLA MULTIMEDIALITA'
650 ## - SUBJECT ADDED ENTRY--TOPICAL TERM
Relator term Codice materia Spics: 4253
942 ## - ADDED ENTRY ELEMENTS (KOHA)
Koha item type LIBRO
957 ## -
-- 1
999 ## - SYSTEM CONTROL NUMBERS (KOHA)
-- 1
Dati di copia
Withdrawn status Lost status Damaged status Not for loan Home library Current library Date acquired Total Checkouts Full call number Date last seen Price effective from Koha item type Public note
    Buone Condizioni Not For Loan SPICS-MEDIATECA SPICS-MEDIATECA 08/03/2013   E2001 08/03/2013 08/03/2013 LIBRO Progressivo inserimento: 19636 / N. Volumi: 1 Copie: 1 / data import: 1 marzo 2013 - By Epidotti, Trombetti, Vaglietti.
CREDITS: SOCIETA' SAN PAOLO Via A.Severo, 58 - ROMA (RM) & PERIODICI SAN PAOLO SRL Via Giotto, 36 MILANO & CISF Via Giotto, 36 MILANO & EDIZIONI SAN PAOLO SRL,  Piazza Soncino, 5 CINISELLO BALSAMO (MI) -- ITALY